ព្រះសុធន នាងកែវមនោរាហ៏ / (Record no. 4455)

MARC details
000 -LEADER
fixed length control field 03149nam a22003257a 4500
001 - CONTROL NUMBER
control field 4455
003 - CONTROL NUMBER IDENTIFIER
control field FISKH
005 - DATE AND TIME OF LATEST TRANSACTION
control field 20240911161855.0
008 - FIXED-LENGTH DATA ELEMENTS--GENERAL INFORMATION
fixed length control field 240910b cb ||||| |||| 00| 0 eng d
020 ## - INTERNATIONAL STANDARD BOOK NUMBER
International Standard Book Number 9789995088873
040 ## - CATALOGING SOURCE
Original cataloging agency FISKH
Language of cataloging Bilingual
Transcribing agency FISKH
Modifying agency FISKH
050 ## - LIBRARY OF CONGRESS CALL NUMBER
Classification number PZ7
082 ## - DEWEY DECIMAL CLASSIFICATION NUMBER
Classification number 900
100 ## - MAIN ENTRY--PERSONAL NAME
Personal name Sotheary, Kimsrun
Relator term editor
245 ## - TITLE STATEMENT
Title ព្រះសុធន នាងកែវមនោរាហ៏ /
Statement of responsibility, etc. by Kimsrun Sotheary
250 ## - EDITION STATEMENT
Edition statement ចេញផ្សាយខែ ឧសភា ឆ្នាំ២០០៩
260 ## - PUBLICATION, DISTRIBUTION, ETC.
Place of publication, distribution, etc. ភ្នំពេញ :
Name of publisher, distributor, etc. អេតាបោះពុម្ព ;
Date of publication, distribution, etc. 2009 .
300 ## - PHYSICAL DESCRIPTION
Extent 24​​ pages :
Other physical details color illustrations ;
Dimensions 26 cm .
490 ## - SERIES STATEMENT
Series statement ពិភពរឿងនិទា​ន
505 ## - FORMATTED CONTENTS NOTE
Formatted contents note Q <br/>
520 ## - SUMMARY, ETC.
Summary, etc. កិន្នរីប្រាំពីរអង្គជាទេពធីតានៃព្រះបាទ ទុម្មរាជ នៃឋានកៃលាស មកក្រសាលព្រៃ។ ព្រានព្រៃឃើញកិន្នរី ក៏បោះចំនងនាគបាសទៅលើនាងកិន្នរី មនោរាហ៏ ។ ព្រានព្រៃក៏នាំនាងទៅថ្វាយព្រះសុធន ហើយទ្រង់ក៏យកនាងធ្វើជាព្រះទេពីរបស់ខ្លួន ។ ចំនែកព្រះមាតាក៏ពេញចិត្តនឺងនាងដែរ ។​ តែព្រាហ្មបុរោហិតធ្លាប់ចងគំនុំនឺងព្រះសុធន ក៏រកឧបាយកលកំចាត់កែវមនោរាហ៏ ដោយអោយនាងចាកចេញពីនគរ ។​​​​​​​​​​​​​​​​​​​ ក្រោយពីទទួលបានជ័យជំនះពីបច្ចន្ថគ្រាមហើយ ក៏ធ្វើដំណើរទៅទទួលនាងកែវមនោរាហ៏នៅឋានកៃលាស ។ ព្រះបិតាក្មេកសព្វព្រះរាជហប្ញទ័យនឺងព្រះសុធនណាស់ហើយក៏អោយទ្រង់ឡើងសោយរាជ្យនៅឋានកៃឡាស ។
520 ## - SUMMARY, ETC.
Summary, etc. Seven women, the goddess of King Tum Reach of Than Kailas, came to the forest pavilion. The hunter saw Kinnary and threw the bass dragon on Kinnee Monorah. The hunter took her to Suthan and he made her his god.<br/>As for the mother, she also liked her. But the Brahmin priest who used to hold a grudge against Preah Sothon also plotted to get rid of Keo Monorah by letting her leave the kingdom. After the victory from the present, he went to receive Keo Monorah at Kailas.The father-in-law was very pleased with Preah Sothoun and asked him to ascend the throne at Caiaphas.<br/>
521 8# - TARGET AUDIENCE NOTE
Target audience note 660 <br/>
Source Lexile estimate <br/>
521 8# - TARGET AUDIENCE NOTE
Target audience note Q <br/>
Source Raz-Plus <br/>
650 ## - SUBJECT ADDED ENTRY--TOPICAL TERM
Topical term or geographic name entry element ព្រះសុធន
Form subdivision ប្រលោមលោក
650 ## - SUBJECT ADDED ENTRY--TOPICAL TERM
Topical term or geographic name entry element Preah Sothon
Form subdivision Novel
700 ## - ADDED ENTRY--PERSONAL NAME
Personal name San, Thai
Relator term illustrator
942 ## - ADDED ENTRY ELEMENTS (KOHA)
Source of classification or shelving scheme Dewey Decimal Classification
Koha item type Books
Suppress in OPAC No
Holdings
Withdrawn status Lost status Source of classification or shelving scheme Damaged status Not for loan Collection Home library Current library Shelving location Date acquired Total Checkouts Full call number Barcode Date last seen Copy number Price effective from Koha item type
    Dewey Decimal Classification     Khmer Language Books / សៀវភៅភាសាខ្មែរ Footprints International School Library Network Toul Tom Poung Campus Footprints International School Library Network Toul Tom Poung Campus TTP Primary Khmer Bookshelves 09/10/2024   SOT PZ7 900 FIS04295 05/26/2025 1 09/10/2024 Books
    Dewey Decimal Classification     Khmer Language Books / សៀវភៅភាសាខ្មែរ Footprints International School Library Network Toul Tom Poung Campus Footprints International School Library Network Toul Tom Poung Campus TTP Primary Khmer Bookshelves 09/10/2024   SOT PZ7 900 FIS04370 05/26/2025 2 09/10/2024 Books
    Dewey Decimal Classification     Khmer Language Books / សៀវភៅភាសាខ្មែរ Footprints International School Library Network Toul Tom Poung Campus Footprints International School Library Network Toul Tom Poung Campus TTP Primary Khmer Bookshelves 10/09/2025   SOT PZ7 900 FIS04083 10/09/2025 3 10/09/2025 Books